02617nam a2200253Ia 4500003000400000005001700004008004100021020001500062040002100077041000800098082002300106100003900129245011400168260004700282300009600329490004200425500007400467504003800541505007600579520160200655650003502257650003102292700004002323OSt20210913113904.0210310s2004 ck ad fr 000 0dspa d a9589285287 aCO-JMCRcCO-JMCR0 aspa04a362.5 /bA472p2231 aAlvarado Acevedo, Alberto, eautor10aPobreza : buna propuesta de análisis sistémico / cAlberto Alvarado Acevedo, Alejandro Vivas Benítez  aBogotá : bUniversidad Javeriana, c2004 a243 páginas, 5 hojas plegadas ; bilustraciones y gráficas a blanco y negro ; c22 cm.0 aSerie Soluciones en desarrollo ; v13 aIncluye notas a pie de página y datos biográficos de los autores. aBibliografía: páginas 209-2160 aEnfoque sectoriales de la pobreza -- Enfoque sistémico de la pobreza 3 aLos autores abordan el tema de la pobreza, desde el punto de vista de la sociología y la economía, en dos partes: En la primera, hacen una revisión de las teorías sobre "pobreza" que les permite aproximarse al estado del arte en los ámbitos nacional e internacional. En la segunda parte formulan una propuesta de análisis sistémico para establecer causas de la pobreza y para proponer vías de solución. La visión global del fenómeno de la pobreza implica que su solución sea igualmente global -esto es, que involucra a todos los actores y grupos de la sociedad-. Plantean que en sociedades como la colombiana no solamente existen grupos grandes de pobres, sino que EL CONJUNTO DE LA SOCIEDAD ES POBRE (atrasado), incluyendo en este conjunto a los estratos socioeconómicos medios y también a la población más rica. Es el sistema social, económico, político y cultural el generador de POBREZA. Establecen que la POBREZA-DE-LA-SOCIEDAD ES MULTIDIMENSIONAL. Resultado de esta pobreza es una sociedad que vive en conmoción y con una gobernabilidad insuficiente y un estado desarticulado que tendrá que reestructurarse. En otros términos, se obtiene una sociedad pobre toda ella. Es la pobreza humana de toda la sociedad, no solo la pobreza económica. El trabajo finaliza planteando cuatro RETOS y las acciones correspondientes para lograr la solución global de la pobreza: 1) Reforma del Estado; 2) Mejoramiento sustancial de la Administración Pública; 3) Desarrollo de la cultura dinámica; 4) Creación de un modelo integral de desarrollo humano.14aPobrezaxAspectos económicos24aPobrezaxAspectos sociales1 aVivas Benítez, Alejandro, eautor